| 000 | 00868nam a22002537a 4500 | ||
|---|---|---|---|
| 001 | 4601 | ||
| 003 | FISKH | ||
| 005 | 20240918081536.0 | ||
| 008 | 240918b cb ||||| |||| 00| 0 eng d | ||
| 020 | _a9780439296748 | ||
| 040 |
_aFISKH _beng _cFISKH _dFISKH |
||
| 050 | _aPN6109.B47 | ||
| 082 | _2808.81 | ||
| 100 | _aS.Mesmer, Edric | ||
| 245 |
_aThe best poems ever / _ca collection of poetry's greatest voices Edited by Edric S.Mesmer |
||
| 250 | _aFirst paperback printing in 2008 | ||
| 260 |
_aNew York : _bScholastic, _c2008. |
||
| 300 |
_a74 pages : _c18cm |
||
| 520 | _aIncludes poems by Emily Dickinson, Edgar Allan Poe, William Shakespeare, Sylvia Plath, Walt Whitman, Pablo Neruda, Lucille Clifton, Elizabeth Barret Browning and more. | ||
| 650 |
_2Poems _aYoung adult |
||
| 650 |
_2Non-fiction _aLanguage arts |
||
| 942 |
_2ddc _cBK _n0 |
||
| 999 |
_c4601 _d4601 |
||